| 000 | 00911nam a22002897a 4500 | ||
|---|---|---|---|
| 003 | CHAP | ||
| 005 | 20220329140739.0 | ||
| 008 | 971013s r 10010 d | ||
| 010 | _a56961 | ||
| 011 | _a57933 | ||
| 035 | _a62088 | ||
| 040 | _cCHAP | ||
| 082 |
_a641.1 _bS9 |
||
| 111 | 0 | 0 |
_aSymposium on Food Industry Wastes _c: Disposal and Recovery ( _d1980 _c: Norfolk, England) _9110998 |
| 245 | _aPreprints | ||
| 260 |
_a(s.l. : _bs.e.), _c(s.a.) |
||
| 300 |
_as.p. _b: ilus. ; gráfs. |
||
| 590 |
_aBATCH-UPD _b10 _c20130110 _lUCH01 _h2058 |
||
| 590 |
_aBATCH-UPD _b10 _c20130410 _lUCH01 _h1411 |
||
| 590 |
_aBATCH-UPD _b10 _c20130914 _lUCH01 _h0143 |
||
| 590 |
_aCONVERSION _b10 _c20130109 _lUCH01 _h1331 |
||
| 650 | 1 | 4 |
_aAlimentos _xSubproductos. _94283 |
| 650 | 1 | 4 |
_aIndustrias agrícolas. _957925 |
| 901 | _aBK | ||
| 942 | _cLIBRO | ||
| 949 |
_a641.1 S9 _bBC _cLIBRO _d33724000139937 _eLIBRO _h57900 _i62088 _mD _si |
||
| 999 |
_c56961 _d56961 |
||